| 000 | 02242cam a2200589 a 4500 | ||
|---|---|---|---|
| 001 | 20946 | ||
| 003 | VRT | ||
| 005 | 20260207111730.0 | ||
| 008 | 250312s1946 xo g 000 d slo c | ||
| 015 | _aSKSNBA19451955-003172 | ||
| 020 | _q(brož.) | ||
| 035 | _aSK01SNKBKSFS20010064300 | ||
| 035 | _aurn:nbn:sk:snk-am3hnui | ||
| 035 | _a62E65F24-FB20-4219-9075-D847991EA10E | ||
| 035 | _aurn:nbn:sk:snk-am00cvu7 | ||
| 035 | _aSKM000066763 | ||
| 039 | 9 |
_a202503121330 _bVLOAD _c202205120823 _dVLOAD _c202010011128 _dmsnk157 _c202004170910 _dmaubb02 |
|
| 040 |
_aSNK _bslo _cSNK _eAACR2 |
||
| 041 | 1 |
_aslo _hrus |
|
| 044 |
_axo _cSK |
||
| 072 | 7 |
_a821.161.1 _xRuská literatúra, rusky písaná _2konspekt |
|
| 072 | 7 |
_a821.161.1-2 _xRuská dráma _2konspekt |
|
| 080 |
_a821.161.1-2 _22011 |
||
| 080 |
_a(0:82-2) _22011 |
||
| 100 | 1 |
_aGorkij, Maksim, _d1868-1936 _4aut |
|
| 240 | 1 | 0 |
_aNa dne _lSlovensky |
| 245 | 1 | 0 |
_aNa dne _bhra zo života ruských "bosákov" v štyroch dejstvách _cMaxim Gorkij ; [prekladateľ K. Podolinský] |
| 250 | _a1. vyd. | ||
| 260 |
_aTurčiansky Sv. Martin _bÚstredie slovenských ochotníckych divadiel _c1946 _eTurčiansky Sv. Martin _fNeografia |
||
| 300 |
_a105, [1] s. nôt na príl. _bnoty _c19 cm |
||
| 490 | 1 |
_aJavisko _vsv. 12 |
|
| 500 | _aPreložené z ruštiny | ||
| 504 | _aPoznámky | ||
| 655 | 7 |
_aruské drámy _2SNKPH |
|
| 655 | 7 |
_adivadelné hry _2SNKPH |
|
| 655 | 7 |
_aRussian drama _2SNKPHeng |
|
| 655 | 7 |
_aTheatre plays _2SNKPHeng |
|
| 700 | 1 |
_aPodolinský, Karol, _d1903-1998 _4trl |
|
| 700 | 1 |
_aRampák, Zoltán, _d1920-1998 _4red |
|
| 830 | 0 | _aJavisko | |
| 942 |
_2ddc _cKLDO _n0 |
||
| 949 |
_6270001000350158 _asvkbbS 14683 _bsvkbbm 62811 |
||
| 949 |
_6270001000350159 _asvkbbS 14419 _bsvkbbm 40520 |
||
| 949 |
_617A0523646 _asnkSD 4951/12 D1 _bsnkKSF 1451/56 |
||
| 949 |
_617A0654313 _asnkSD 4951/12 D2 _bsnkF 5728/62 |
||
| 949 |
_64710707983 _astrmkB _bstrmk2008/7983 |
||
| 949 |
_asvkpoA 15131 _bsvkpo35229 _s6720:20250905 |
||
| 949 |
_6369701000015486 _aaubbD 11233 _baubbD11233 |
||
| 949 |
_617A0592644 _asnkSD 4951/12 _bsnkVIII. 1059/46 _o2009/46 - evidenčné číslo _s6100:20180703 |
||
| 999 |
_c20946 _d20946 |
||